00366nam a2200145Ia 45000010005000000080041000050200018000460400013000640820020000771000032000972450065001292600009001943000010002035460007002137891140321s9999 xx 000 0 und d a969-432-144-1 cPK-LaUMT a 291.422bABD-M aAbdul Qayyum Shafaq Hazarvi 4aThe mysteries of the human soulcAbdul Qayyum Shafaq Hazarvi c1991 a81 p. aEN